| 000 | | | 04832nmc2a2200000 x 450 |
| 001 | | | 5d377a93-f40a-46e0-bb0e-0914a04a7513 |
| 005 | | | 20170425230250.0 |
| 100 | ## | $a | 20141017l18521856k l0rusy0189 ca |
| 101 | 0# | $a | rus |
| 102 | ## | $a | RU |
| 200 | 1# | $a | Дело об учреждении пятиклассных уездных училищ в Варшаве, Седлеце, Ломже, в местечке Пинчове и в других населенных пунктах округа, об утверждении программ преподавания в пятиклассных уездных училищах, о закрытии Луковского уездного училища Седлецкой губернии, о переводе стипендий Издебского и Шанявского в пятиклассное уездное училище в Седлице |
| | $j | 26 апреля 1852 г. - 13 декабря 1856 г. |
| 251 | ## | $c | Дело |
| 300 | ## | $a | Дело |
| 300 | ## | $a | Ориг. заголовок дела: Дело об устройстве в Варшавском учебном округе пятиклассных уездных училищ и открытии Луковского уездного училища с переводом стипендиатов по частным записям Шанявского и Издебского в пятиклассное уездное училище в Седлицах. Здесь же и об утверждении программ преподавания в пятиклассных училищах. 26 апреля 1852 г. - 13 декабря 1856 г |
| 801 | #0 | $a | RU |
| | $b | РГИА |
| | $c | 20141017 |
| | $g | RCR |
| 801 | #1 | $a | RU |
| | $b | ГлавНИВЦ |
| | $c | 20141017 |
| | $2 | rusmarc |
| 801 | #2 | $a | RU |
| | $b | ПБ им. Б.Н. Ельцина |
| | $c | 20170425 |
| | $g | RCR |
| | $2 | rusmarc |
| 850 | ## | $a | РГИА |
| 852 | ## | $a | РГИА |
| | $e | Федеральное казенное учреждение "Российский государственный исторический архив" (РГИА) |
| | $j | 373 |
| 937 | ## | $h | РГИА |
| | $d | 11182411 |
| | $a | ASBIBLIO_SCAN |
| 462 | #0 | $1 | 0015a39e5d3-dc69-4a86-ab96-9d2e08e41784 |
| | $1 | 2001 |
| | $a | Дела Департамента народного просвещения по Варшавскому учебному округу |
| | $1 | 251 |
| | $c | Опись |
| | $1 | 852 |
| | $j | 77 |
| 461 | #0 | $1 | 001a74412a3-3cc5-4d21-8f0a-dfe2fbd9e72d |
| | $1 | 2001 |
| | $a | Департамент народного просвещения Министерства народного просвещения (1803-1917) |
| | $1 | 251 |
| | $c | Фонд |
| | $1 | 852 |
| | $j | 733 |
| 215 | ## | $a | 253 л. |
| | $d | 36,5x26 см |
| 371 | ## | $a | Документ не является опубликованным и широко распространяемым |
| 105 | ## | $a | y### |
| 122 | 2# | $a | d |
| 517 | 1# | $a | Дело об устройстве в Варшавском учебном округе пятиклассных уездных училищ и открытии Луковского уездного училища с переводом стипендиатов по частным записям Шанявского и Издебского в пятиклассное уездное училище в Седлицах. Здесь же и об утверждении программ преподавания в пятиклассных училищах. 26 апреля 1852 г. - 13 декабря 1856 г. |
| 035 | ## | $a | 5d377a93-f40a-46e0-bb0e-0914a04a7513 |
| 856 | ## | $u | http://readingroom.main.prlib.ru/item.aspx?id_node=n97644193&mode=full |